Teilnehmer der Quidditch-Weltmeisterschaft - Statistiken

Allgemein
  • Dieses Quiz wurde 27 mal gespielt
  • Das Durchschnittsergebnis liegt bei 22 aus 46
Antwortstatistiken
Team % Korrekt
Deutschland
100%
Irland
96%
Vereinigte Staaten
96%
Frankreich
85%
Spanien
81%
England
77%
Nordische Länder
77%
Bulgarien
73%
China
73%
Kanada
73%
Australien
69%
Brasilien
69%
Japan
69%
Mexiko /Neuspanien
69%
Portugal
69%
Schottland
69%
Schweden
69%
Ägypten
65%
Argentinien
65%
Polen
65%
Wales
65%
Indien
58%
Neuseeland
58%
Norwegen
58%
Marokko
54%
Südafrika
50%
Peru
46%
Rumänien
35%
Vereinigtes Königreich
31%
Jamaika
23%
Luxemburg
23%
Haiti
19%
Nigeria
19%
Senegal
19%
Syrien
19%
Elfenbeinküste
12%
Liechtenstein
12%
Flandern
8%
Transsilvanien
8%
Madagaskar
8%
Burkina Faso
4%
Fidschi
4%
Malawi
4%
Tschad
4%
Moldawien
0%
Uganda
0%
Keine übereinstimmenden Quizze gefunden
Verteilung der Resultate
Anzahl Personen mit jedem Resultat
Perzentil nach korrekt beantworteten Fragen
Ihre Resultats-Entwicklung
Sie haben dieses Quiz noch nicht gespielt